[Event "New Delhi Matrix Cup 4th"]
[Site "New Delhi"]
[Date "2025.01.06"]
[Round "8"]
[White "Rudradaman, Mertia"]
[Black "Raj, Kapoor"]
[Result "0-1"]
[WhiteElo "1777"]
[BlackElo "1790"]
[PlyCount "118"]
[EventDate "2025.01.03"]
[EventType "swiss"]
[EventRounds "9"]
[EventCountry "IND"]
[SourceTitle "CB03_2025"]
[SourceDate "2025.01.15"]
[SourceVersion "1"]
[SourceVersionDate "2025.01.15"]
[SourceQuality "1"]

1. e4 e6 2. d4 d5 3. Bd3 Nf6 4. Bg5 Be7 5. Bxf6 Bxf6 6. e5 Be7 7. Qg4 0-0 8. h4 f5 9. Qf4 c5 10. dxc5 Bxc5 11. Nd2 Nc6 12. Nb3 Be7 13. c3 a5 14. Nf3 Qb6 15. Rb1 Bd7 16. 0-0 a4 17. Nbd4 Nxd4 18. cxd4 Bb5 19. Rfd1 Rac8 20. b3 Bxd3 21. Rxd3 Rc2 22. Ra1 a3 23. Ne1 Re2 24. g3 Re4 25. Qf3 Rxd4 26. Rc1 Re4 27. Re3 f4 28. gxf4 Rexf4 29. Qg2 Bxh4 30. Nf3 Qb4 31. Nxh4 Rxh4 32. Rg3 Qe7 33. Rgc3 g6 34. Rg3 Qg7 35. Rg5 Qh6 36. Rc7 Rf7 37. Rc8+ Kg7 38. Rg3 Qd2 39. Qf1 Qxa2 40. Ra8 Qb2 41. Re3 a2 42. Re2 Qb1 43. Re1 Qf5 44. f3 Qxf3 45. Qxf3 Rxf3 46. Rxa2 Rxb3 47. Rf2 Rg3+ 48. Rg2 Rxg2+ 49. Kxg2 b5 50. Rb1 b4 51. Kg3 Rc4 52. Kf3 g5 53. Kg3 h5 54. Rf1 b3 55. Rf3 Rb4 56. Rf1 b2 57. Rb1 Kg6 58. Kh3 d4 59. Kg3 Kf5 0-1